000 01516nam a22003977a 4500
003 CHAP
005 20220329143515.0
008 100311s2009 mx r 00010 spa d
010 _a97728
011 _a98700
035 _a109385
040 _cCHAP
090 _aTesis
100 1 _aLópez Tavera, Manuel.
_968364
245 1 0 _aMadurez fisiológica de semilla de triticale ( X Triticosecale Wittmack)
_c/por Manuel López Tavera y Rosario Montesinos Reyes
260 _aChapingo, Méx. :
_bEl autor,
_c2009
300 _avi, 47 h. :
_bcuadros, gráfs.
502 _aTesis (Ing. Agr. Esp. en Fitotecnia) -- UACH. Departamento de Fitotecnia
590 _aALEPH
_b10
_c20130110
_lUCH01
_h1532
590 _aBATCH-UPD
_b10
_c20130110
_lUCH01
_h0839
590 _aBATCH-UPD
_b10
_c20130410
_lUCH01
_h0517
590 _aBATCH-UPD
_b10
_c20130914
_lUCH01
_h1734
590 _aCONVERSION
_b10
_c20130109
_lUCH01
_h1354
650 1 4 _aSemillas
_xAlmacenamiento.
_9103875
650 1 4 _aSemillas
_xMaduración.
_9103910
650 1 4 _aTriticale
_xEfecto de la humedad.
_9115205
650 1 4 _aTriticale
_xGerminación.
_9115212
650 1 4 _aTriticale
_xMateria seca
_xDeterminación.
_9115218
650 1 4 _aTriticale
_xSemilla.
_9115228
650 1 4 _aTriticale
_xVariedades.
_9115231
700 1 _aMontesinos Reyes, Rosario
_977917
901 _aBK
942 _cFOLL
949 _aTesis
_bBC
_cTES
_d33724002109132
_eTS1
_gDonaciØn
_h49537
_i109385
_sb
949 _aTesis
_bBC
_cTES
_d33724002109173
_eTS2
_fc.2
_gDonaciØn
_h50154
_i109385
_si
999 _c97728
_d97728